000 00690nam a22002297a 4500
003 UA-OsUOA
001 83663
007 ta
008 20120424b un ||||| |||| 00| 0 ukr d
100 _aЯковлєв А.
700 _aЧерненко М.
090 _a330(477)
_bЯ47
942 _cSA
040 _aUA-OsUOA
_bukr
_cUA-OsUOA
_dUA-OsUOA
245 _aВизначення соціально-економічної ефективності робочої сили в умовах інноваційного розвитку
300 _aС.16-25
955 _a0
041 _aukr
080 _a330(477)
773 0 _w83661
650 7 _a330 Економіка взагалі
_2UDC
999 _c369975
_d369975